[Event "Tarragona Province-chB"]
[Site "L'Hospitalet Infant"]
[Date "2016.10.23"]
[Round "4"]
[White "Peana Bagaria, Joan Andreu"]
[Black "Masalias Xifre, Jaime"]
[Result "1-0"]
[WhiteElo "1519"]
[BlackElo "1595"]
[PlyCount "156"]
[EventDate "2016.10.02"]
[EventType "swiss"]
[EventRounds "9"]
[EventCountry "ESP"]
[SourceTitle "EXT 2018"]
[Source "ChessBase"]
[SourceDate "2017.10.13"]
[SourceVersion "1"]
[SourceVersionDate "2017.10.13"]
[SourceQuality "1"]

1. d4 Nf6 2. Nf3 e6 3. c4 Bb4+ 4. Bd2 Qe7 5. g3 b6 6. Bg2 Bb7 7. 0-0 Bxd2 8. Nbxd2 c5 9. e3 0-0 10. Qc2 d6 11. e4 cxd4 12. Nxd4 Nbd7 13. f4 Rac8 14. Qd3 Nc5 15. Qe2 Ba6 16. b3 Rfd8 17. N2f3 Ncxe4 18. Ng5 Nxg5 19. fxg5 Nd7 20. Nc6 Qxg5 21. Nxd8 Qxd8 22. Rad1 Qc7 23. Qf2 Nf6 24. Rfe1 Rd8 25. Bf3 Bb7 26. Bxb7 Qxb7 27. Qg2 Qxg2+ 28. Kxg2 Kf8 29. Kf3 Ke7 30. h3 d5 31. cxd5 Nxd5 32. a3 Kd7 33. Rc1 Rc8 34. Rxc8 Kxc8 35. Rc1+ Kd7 36. Ke4 a5 37. Kd4 f6 38. Ke4 g6 39. g4 Kd6 40. Rc8 f5+ 41. gxf5 gxf5+ 42. Kd4 e5+ 43. Kd3 Nf6 44. Rd8+ Ke6 45. Rb8 Nd7 46. Rh8 Nc5+ 47. Kc4 f4 48. Rf8 Nd7 49. Re8+ Kf5 50. Re7 Nf6 51. Kd3 e4+ 52. Ke2 f3+ 53. Kf2 h5 54. Rf7 h4 55. Ke3 Ke6 56. Rf8 Kf5 57. Rf7 Kg6 58. Rf8 Kg7 59. Rd8 Kf7 60. Rh8 Nd5+ 61. Kf2 Kg6 62. Rxh4 Kg5 63. Rxe4 Nf4 64. Kxf3 Nxh3 65. Ke3 Kf5 66. Re8 Ng5 67. Rb8 Ne6 68. Rxb6 Nc7 69. Rh6 Nd5+ 70. Kd3 Ke5 71. Kc4 Ne3+ 72. Kb5 Nc2 73. Kxa5 Nxa3 74. Ka6 Kd5 75. b4 Nc4 76. b5 Nd6 77. Rxd6+ Kxd6 78. Ka7 Kc7 1-0

[Event "Tarragona Province-ch B"]
[Site "Tarragona"]
[Date "2015.11.01"]
[Round "5.8"]
[White "Peana Bagaria, Joan Andreu"]
[Black "Sola Sendra, Francesco"]
[Result "1/2-1/2"]
[WhiteElo "1803"]
[BlackElo "1904"]
[PlyCount "125"]
[EventDate "2015.09.27"]
[EventType "swiss"]
[EventRounds "9"]
[EventCountry "ESP"]
[SourceTitle "EXT 2024"]
[Source "ChessBase"]
[SourceDate "2023.10.10"]
[SourceVersion "1"]
[SourceVersionDate "2023.10.10"]
[SourceQuality "1"]

1. e4 d5 2. exd5 Qxd5 3. Nc3 Qd6 4. d4 c6 5. Be2 Nf6 6. Nf3 Bf5 7. 0-0 Nbd7 8. h3 h6 9. Be3 e6 10. Qd2 g5 11. Rfd1 0-0-0 12. a3 Qc7 13. b4 g4 14. Bf4 Bd6 15. Ne5 Nxe5 16. Bxh6 Ng6 17. Bg7 Bf4 18. Qe1 Nd5 19. Nxd5 exd5 20. Bxh8 Rxh8 21. g3 gxh3 22. Bd3 Bxd3 23. Rxd3 Bd6 24. Re3 Qd7 25. Rc1 Kd8 26. c4 dxc4 27. Rxc4 Re8 28. Rxe8+ Qxe8 29. Qxe8+ Kxe8 30. Kh2 Ke7 31. Kxh3 Ke6 32. Rc3 Ne7 33. Re3+ Kd5 34. Kg4 Kxd4 35. Kg5 Nd5 36. Re8 f6+ 37. Kf5 Kc4 38. Ra8 a6 39. Ra7 Kb3 40. Rxb7 Kxa3 41. Ra7 Nxb4 42. Kxf6 Bc5 43. Rd7 Bxf2 44. g4 Nd5+ 45. Ke6 Bc5 46. g5 Bb4 47. g6 Nf4+ 48. Kf6 Nxg6 49. Kxg6 c5 50. Kf5 Kb2 51. Ke4 Kc2 52. Ra7 a5 53. Kd5 Kd3 54. Rxa5 c4 55. Ra1 Bd2 56. Rf1 c3 57. Rb1 Kc2 58. Rf1 Be3 59. Kc4 Kb2 60. Kd3 Bd2 61. Rd1 Bh6 62. Rb1+ Kxb1 63. Kxc3 1/2-1/2